| 000 | 00624nam a2200205Ia 4500 | ||
|---|---|---|---|
| 005 | 20260429111915.0 | ||
| 008 | 260429s9999||||xx |||||||||||||| ||und|| | ||
| 020 | _a9781041202592 | ||
| 041 | _aEnglish | ||
| 082 |
_a658.40285 _bCON |
||
| 100 | _aConnock, Alex | ||
| 245 | 0 |
_aMedia management and artificial intelligence : _bunderstanding media business models in the digital age / _cAlex Connock |
|
| 250 | _a1st ed. | ||
| 260 |
_aUnited States : _bRoutledge, _c2023. |
||
| 300 | _aviii, 336 p.; hb | ||
| 650 | _a Artificial intelligence | ||
| 650 | _a Business models | ||
| 650 | _aMedia management | ||
| 942 | _cTB | ||
| 999 |
_c51371 _d51371 |
||